Corporate finance
Contents: Part 1 Overview: introduction to corporate finance; accounting statements and cash flow. Part 2 Value and capital budgeting : financial markets and net present value - first principles of finance; net present value; how to value bonds and stocks; some alternative investment rules; net pres...
Sparad:
| Huvudupphovsman: | |
|---|---|
| Materialtyp: | Bok |
| Språk: | Undetermined |
| Publicerad: |
Boston
Irwin/McGraw-Hill
1999
|
| Ämnen: | |
| Taggar: |
Lägg till en tagg
Inga taggar, Lägg till första taggen!
|
| Thư viện lưu trữ: | Trung tâm Học liệu Trường Đại học Cần Thơ |
|---|
| LEADER | 01096nam a2200205Ia 4500 | ||
|---|---|---|---|
| 001 | CTU_186828 | ||
| 008 | 210402s9999 xx 000 0 und d | ||
| 082 | |a 658.15 | ||
| 082 | |b R826 | ||
| 100 | |a Ross, Stephen A. | ||
| 245 | 0 | |a Corporate finance | |
| 245 | 0 | |c Stephen A. Ross, Randolph W. Westerfield, Jeffrey Jaffe | |
| 260 | |a Boston | ||
| 260 | |b Irwin/McGraw-Hill | ||
| 260 | |c 1999 | ||
| 520 | |a Contents: Part 1 Overview: introduction to corporate finance; accounting statements and cash flow. Part 2 Value and capital budgeting : financial markets and net present value - first principles of finance; net present value; how to value bonds and stocks; some alternative investment rules; net present value and capital budgeting; strategy and analysis in using net present value. Part 3 Risk: capital market theory - an overview; return risk - the capital asset pricing model (CAPM); risk, return, and capital budgeting... | ||
| 650 | |a Corporations,Tổng công ty | ||
| 650 | |x Finance,Tài chính | ||
| 904 | |i Giang | ||
| 980 | |a Trung tâm Học liệu Trường Đại học Cần Thơ | ||